| 000 | 00674nam a2200205 a 4500 | ||
|---|---|---|---|
| 005 | 20140310183304.0 | ||
| 008 | 050713s19uu xx 00 eng d | ||
| 020 | _a0321228782 | ||
| 050 |
_aQA 76.76.O63 _b.Sh534 2005 |
||
| 100 | _aShapiro, Jeffrey R. | ||
| 245 |
_aBuilding high availability Windows server 2003 solutions / _cJeffrey R. Shapiro and Marcin Policht. |
||
| 260 |
_aUpper Saddle River, NJ : _bPearson Education Inc, _c2005. |
||
| 300 |
_a 478 p. : _bill. ; _c24 cm. |
||
| 521 | _aIT | ||
| 650 | _aMicrosoft Windows server. | ||
| 650 | _aOperating Systems (Computers). | ||
| 650 | _aSystems availability. | ||
| 942 |
_cBK _2lcc _kFOR |
||
| 999 |
_c21052 _d21052 |
||